Microeconomics / (Record no. 15106)
[ view plain ]
| 000 -LEADER | |
|---|---|
| fixed length control field | 00471pam a2200181 a 4500 |
| 020 ## - INTERNATIONAL STANDARD BOOK NUMBER | |
| ISBN | 0030054729 (pbk.) |
| 040 ## - CATALOGING SOURCE | |
| Transcribing agency | DLC |
| 082 00 - DEWEY DECIMAL CLASSIFICATION NUMBER | |
| Classification number | 338 DRY 1986 A074 Or. |
| 100 1# - MAIN ENTRY--AUTHOR NAME | |
| Personal name | Dolan, Edwin G. |
| 245 10 - TITLE STATEMENT | |
| Title | Microeconomics / |
| 250 ## - EDITION STATEMENT | |
| Edition statement | 4th ed. |
| 260 ## - PUBLICATION, DISTRIBUTION, ETC. (IMPRINT) | |
| Place of publication | Chicago : |
| Name of publisher | Dryden Press, |
| Year of publication | c1986. |
| 300 ## - PHYSICAL DESCRIPTION | |
| Number of Pages | xxv, 528, [12] p. : |
| Other physical details | ill. ; |
| Dimensions | 26 cm. |
| 500 ## - GENERAL NOTE | |
| General note | Rev. ed. of: Basic microeconomics. |
| 650 #0 - SUBJECT ADDED ENTRY--TOPICAL TERM | |
| Topical Term | Microeconomics. |
| 700 1# - ADDED ENTRY--PERSONAL NAME | |
| Personal name | Dolan, Edwin G. |
| 942 ## - ADDED ENTRY ELEMENTS (KOHA) | |
| Koha item type | សៀវភៅភាសាអង់គ្លេស |
| 952 ## - LOCATION AND ITEM INFORMATION (KOHA) | |
| Withdrawn status [LOCAL, KOHA] | 0 |
| Permanent Location | Date acquired | Koha item type | Lost status | Shelving location | Barcode | Current Location | Full call number |
|---|---|---|---|---|---|---|---|
| Library Block A | 2017-11-10 | សៀវភៅភាសាអង់គ្លេស | A074 | A06862 | Library Block A | 338 DRY 1986 A074 Or. |